00444nam a22001097a 4500008004100000040005500041080001200096245016200108260003900270300001300309650001200322230609b |||||||| |||| 00| 0 eng d aNational Science LibrarycNational Science Library a62 bN6 aTransfer of environmentally sound technologies, cooperation & capacity-building: bA study report c/ Economic and Social Commission for Asia and the Pacific aNew York: bUnited Nations, c1996 avi, 83p. aScience